All 1,522 New England Towns on a Map - Statistics

General Stats
  • This quiz has been taken 527 times
  • The average score is 285 of 1522
Answers on the Map
Answers color-coded by a green-red scale on the quiz's map according to % correct below.
 
Answer Stats
Municipality % Correct
Boston
94%
Providence
87%
Manchester
82%
Hartford
80%
Concord
76%
New Haven
76%
Portland
76%
Worcester
76%
Cambridge
74%
Burlington
73%
Plymouth
72%
Augusta
70%
Nantucket
70%
Springfield
70%
Salem
68%
Bridgeport
66%
Newport
66%
Newport (city)
66%
Montpelier
65%
Lincoln
64%
Lincoln Plantation
64%
Portsmouth
64%
Mount Washington
63%
Washington
61%
Bristol
59%
Adams
58%
Bangor
58%
Gloucester
58%
Stamford
58%
York
58%
Dover
56%
Lowell
56%
Quincy
56%
Southampton
56%
Northampton
55%
Lee
54%
Newport (town)
54%
Oxford
54%
Essex
53%
New London
53%
Nashua
52%
Norwich
52%
Warwick
51%
Chester
50%
New Bedford
50%
Greenwich
49%
Newton
49%
Lynn
48%
Monroe
47%
Fall River
46%
Lexington
46%
Provincetown
46%
Madison
45%
Hampton
44%
Kingston
44%
Bedford
43%
Berlin
43%
Franklin
43%
Jefferson
43%
Norfolk
43%
Pawtucket
43%
Amherst
42%
Danbury
42%
Exeter
42%
Waterbury
42%
Ipswich
41%
Jackson
40%
Kent
40%
Newcastle
40%
New Castle
40%
Bar Harbor
39%
Leicester
39%
Lewiston
39%
Reed Plantation
39%
Rutland
39%
Rutland (city)
39%
Rutland (town)
39%
Barnstable
38%
Lancaster
38%
Brooklin
37%
Chelsea
37%
Eastham
37%
Newbury
37%
Norwalk
37%
Pittsfield
37%
Reading
37%
Southport
37%
St. George
37%
Winchester
37%
Bath
36%
Braintree
36%
Derry
36%
Lawrence
36%
Leeds
36%
Rochester
36%
Salisbury
36%
Somerville
36%
Windsor
36%
Fairfield
35%
Jamestown
35%
Charleston
34%
Coventry
34%
Dublin
34%
Eden
34%
Framingham
34%
Hanover
34%
Hull
34%
Middletown
34%
Milford
34%
Sheffield
34%
Bourne
33%
Brockton
33%
East Providence
33%
Medford
33%
Paris
33%
Somers
33%
Weston
33%
Westport
33%
Andover
32%
Arlington
32%
Belfast
32%
Brighton
32%
Brighton Plantation
32%
Derby
32%
East Hartford
32%
Milton
32%
Orange
32%
Richmond
32%
West Haven
32%
Brookline
31%
Colchester
31%
Durham
31%
New Britain
31%
Revere
31%
Sandwich
31%
Swansea
31%
Waltham
31%
West Hartford
31%
Canterbury
30%
Clinton
30%
Dartmouth
30%
Easton
30%
Edinburg
30%
Falmouth
30%
Foxborough
30%
Hamilton
30%
Marlboro
30%
Marlborough
30%
Taunton
30%
East Hampton
29%
Easthampton
29%
Georgetown
29%
Groton
29%
Haverhill
29%
Holyoke
29%
Rockport
29%
Somerset
29%
South Burlington
29%
Truro
29%
Watertown
29%
Cranston
28%
Cumberland
28%
East Haven
28%
Kennebunk
28%
Lebanon
28%
Newburyport
28%
Nottingham
28%
Warren
28%
Westhampton
28%
Wilmington
28%
Woonsocket
28%
Attleboro
27%
Auburn
27%
Bolton
27%
Brunswick
27%
Charlestown
27%
Chatham
27%
South Portland
27%
St. John Plantation
27%
Stow
27%
Williamstown
27%
Yarmouth
27%
Avon
26%
Camden
26%
Cheshire
26%
Greenfield
26%
Malden
26%
Mansfield
26%
Orleans
26%
Waterford
26%
Beverly
25%
Bradford
25%
Columbia
25%
Cornwall
25%
Keene
25%
Leominster
25%
Peabody
25%
Sunderland
25%
Brattleboro
24%
Bridgewater
24%
Canton
24%
Carlisle
24%
Chesterfield
24%
Kennebunkport
24%
Londonderry
24%
Long Island
24%
Merrimac
24%
Natick
24%
Needham
24%
North Adams
24%
North Haven
24%
North Providence
24%
Rockland
24%
Scituate
24%
Shrewsbury
24%
St. Albans
24%
St. Albans (city)
24%
St. Albans (town)
24%
Stratford
24%
Westfield
24%
Williamsburg
24%
Barre
23%
Barre (city)
23%
Barre (town)
23%
Bennington
23%
Chicopee
23%
Deerfield
23%
Eastport
23%
Hancock
23%
Hudson
23%
Johnson
23%
Manchester-by-the-Sea
23%
Marblehead
23%
Narragansett
23%
Newtown
23%
Rome
23%
Wellesley
23%
Athens
22%
Chelmsford
22%
Dedham
22%
Everett
22%
Fitchburg
22%
Halifax
22%
Harvard
22%
Hill
22%
Lyme
22%
Middlebury
22%
Middleton
22%
Presque Isle
22%
Princeton
22%
Saugus
22%
Stafford
22%
Westerly
22%
Westminster
22%
Weymouth
22%
Barrington
21%
Belmont
21%
Conway
21%
Dennis
21%
Great Barrington
21%
Lichfield
21%
New Canaan
21%
Smithfield
21%
Tolland
21%
Wales
21%
Ware
21%
Winthrop
21%
Acton
20%
Albany
20%
Ashland
20%
Caribou
20%
Danvers
20%
Douglas
20%
Edgartown
20%
Enfield
20%
Greenville
20%
Harrison
20%
Johnston
20%
Litchfield
20%
Middlesex
20%
Northport
20%
Norton
20%
Orono
20%
Peterborough
20%
Wells
20%
Woodstock
20%
Bellingham
19%
Darien
19%
Glastonbury
19%
Grafton
19%
Granby
19%
Hampden
19%
Littleton
19%
Mashpee
19%
Montgomery
19%
North Attleboro
19%
Old Lyme
19%
Pittsburg
19%
Sharon
19%
Stowe
19%
Trenton
19%
Union
19%
Vernon
19%
Waterville
19%
Wellfleet
19%
Westbrook
19%
Windham
19%
Amesbury
18%
Bethel
18%
Brewster
18%
Brookfield
18%
Brooklyn
18%
Canaan
18%
Dorchester
18%
Farmington
18%
Hingham
18%
Hopkinton
18%
Kittery
18%
Lakeville
18%
Lenox
18%
Lisbon
18%
Methuen
18%
Middleborough
18%
Newark
18%
Oak Bluffs
18%
Randolph
18%
Rye
18%
Stonington
18%
Sturbridge
18%
Sudbury
18%
Surry
18%
Van Buren
18%
Wakefield
18%
West Warwick
18%
Woburn
18%
Agawam
17%
Ashford
17%
Berkshire
17%
Billerica
17%
Duxbury
17%
East Greenwich
17%
Hadley
17%
Hope
17%
Huntington
17%
Laconia
17%
Longmeadow
17%
Ludlow
17%
Marion
17%
Milan
17%
North Andover
17%
Northfield
17%
Pembroke
17%
Preston
17%
Roxbury
17%
Sterling
17%
Stockbridge
17%
Tiverton
17%
Wareham
17%
Westborough
17%
West Springfield
17%
Wilton
17%
Abington
16%
Boxborough
16%
Calais
16%
Dorset
16%
Dudley
16%
Fairhaven
16%
Fair Haven
16%
Freeport
16%
Freetown
16%
Granby
16%
Guilford
16%
Hamden
16%
Harwich
16%
Marshfield
16%
Meriden
16%
Nahant
16%
Naples
16%
North Kingstown
16%
Plainville
16%
Putnam
16%
Scarborough
16%
Seekonk
16%
Southborough
16%
South Kingstown
16%
Stoughton
16%
Sutton
16%
Tewksbury
16%
Torrington
16%
Walpole
16%
Webster
16%
Webster Plantation
16%
Athol
15%
Belchertown
15%
Bethlehem
15%
Biddeford
15%
Bow
15%
Central Falls
15%
Charlotte
15%
Cohasset
15%
East Lyme
15%
Florida
15%
Frankfort
15%
Hollis
15%
Medfield
15%
Melrose
15%
Morris
15%
New Shoreham
15%
Northborough
15%
Norwood
15%
Pelham
15%
Peru
15%
Rowley
15%
Scotland
15%
Southbridge
15%
Spencer
15%
Swampscott
15%
Tisbury
15%
Uxbridge
15%
Westford
15%
West Greenwich
15%
Westwood
15%
Wrentham
15%
Acushnet
14%
Aquinnah
14%
East Longmeadow
14%
Essex Junction
14%
Gill
14%
Goshen
14%
Holland
14%
Knox
14%
Limerick
14%
Lynnfield
14%
Medway
14%
Merrimack
14%
North Reading
14%
Old Saybrook
14%
Penobscot
14%
Plainfield
14%
Shelburne
14%
Southington
14%
Southwick
14%
St. Johnsbury
14%
Stoneham
14%
Thompson
14%
Troy
14%
Trumbull
14%
Tyngsborough
14%
Upton
14%
Wallingford
14%
West Tisbury
14%
Ashburnham
13%
Ashfield
13%
Ayer
13%
Berkley
13%
Blackstone
13%
Boxford
13%
Carver
13%
Charlton
13%
Chichester
13%
Chilmark
13%
Dracut
13%
East Bridgewater
13%
Eastbrook
13%
Gardner
13%
Grand Isle
13%
Hanson
13%
Hatfield
13%
Hillsborough
13%
Holden
13%
Holliston
13%
Jay
13%
Killington
13%
Lubec
13%
Mendon
13%
Millis
13%
Old Orchard Beach
13%
Palmer
13%
Raynham
13%
Rehoboth
13%
Saco
13%
Sherman
13%
South Hadley
13%
Topsfield
13%
Wayland
13%
West Bridgewater
13%
Windsor Locks
13%
Alexandria
12%
Becket
12%
Bloomfield
12%
Boylston
12%
Clarksville
12%
Dighton
12%
East Windsor
12%
Fairfax
12%
Gosnold
12%
Hardwick
12%
Hebron
12%
Houlton
12%
Kensington
12%
Killingly
12%
Little Compton
12%
Middlefield
12%
Moscow
12%
Newington
12%
New Salem
12%
Northbridge
12%
North Smithfield
12%
Norwell
12%
Phillips
12%
Plympton
12%
Redding
12%
Ridgefield
12%
Sherborn
12%
Shirley
12%
Temple
12%
Townsend
12%
Wenham
12%
West Newbury
12%
Whitman
12%
Winchendon
12%
Woodbury
12%
Ashby
11%
Branford
11%
Burrillville
11%
Charlemont
11%
Colrain
11%
Cooper
11%
Dalton
11%
Dunstable
11%
Ellsworth
11%
Foster
11%
Glocester
11%
Gorham
11%
Greensboro
11%
Holbrook
11%
Liberty
11%
Mattapoisett
11%
Maynard
11%
Millbury
11%
Millville
11%
Monson
11%
Naugatuck
11%
New Milford
11%
Northumberland
11%
Oakland
11%
Ogunquit
11%
Old Town
11%
Otis
11%
Pepperell
11%
Poland
11%
Rockingham
11%
Shelton
11%
Simsbury
11%
Suffield
11%
Wayne
11%
Weathersfield
11%
West Boylston
11%
Wilbraham
11%
Alford
10%
Anson
10%
Berwick
10%
Bingham
10%
Blandford
10%
Boothbay
10%
Bradley
10%
Cape Elizabeth
10%
Claremont
10%
Clarksburg
10%
Cromwell
10%
Danville
10%
Egremont
10%
Fort Kent
10%
Garfield Plantation
10%
Granville
10%
Greene
10%
Groveland
10%
Haddam
10%
Heath
10%
Hinsdale
10%
Hopedale
10%
Lunenburg
10%
Mason
10%
Monmouth
10%
Montague
10%
Morgan
10%
New Braintree
10%
North Brookfield
10%
North Hampton
10%
Oakham
10%
Petersham
10%
Pomfret
10%
Porter
10%
Rowe
10%
Russell
10%
Sanford
10%
Southbury
10%
South Windsor
10%
Stockholm
10%
Sullivan
10%
Vienna
10%
Wellington
10%
West Brookfield
10%
West Stockbridge
10%
Wolcott
10%
Worthington
10%
Addison
9%
Alton
9%
Ansonia
9%
Bernardston
9%
Bowdoin
9%
Brimfield
9%
Castleton
9%
Colebrook
9%
Corinth
9%
Dallas Plantation
9%
Dayton
9%
East Brookfield
9%
Eastford
9%
East Haddam
9%
Ellington
9%
Erving
9%
Fayette
9%
Franconia
9%
Hartland
9%
Hawley
9%
Hubbardston
9%
Lanesborough
9%
Ledyard
9%
Leverett
9%
Madawaska
9%
Millinocket
9%
Mont Vernon
9%
Montville
9%
New Marlborough
9%
Norway
9%
Paxton
9%
Rocky Hill
9%
Royalston
9%
Seabrook
9%
Seymour
9%
St. Francis
9%
Strafford
9%
Templeton
9%
Thomaston
9%
Topsham
9%
Wethersfield
9%
Whately
9%
Williston
9%
Winooski
9%
Woodbridge
9%
Appleton
8%
Aurora
8%
Baltimore
8%
Bartlett
8%
Barton
8%
Benton
8%
Brandon
8%
Bremen
8%
Brentwood
8%
Brooks
8%
Buckland
8%
China
8%
Croydon
8%
Cummington
8%
Dover-Foxcroft
8%
Dresden
8%
East Granby
8%
Eaton
8%
Freedom
8%
Gray
8%
Hampstead
8%
Hooksett
8%
Jaffrey
8%
Jericho
8%
Leyden
8%
Meredith
8%
Monterey
8%
Morristown
8%
Mount Vernon
8%
New Ashford
8%
New Boston
8%
Newburgh
8%
New Fairfield
8%
Newfield
8%
New Hartford
8%
North Branford
8%
North Canaan
8%
North Stonington
8%
Palermo
8%
Perry
8%
Prospect
8%
Sandisfield
8%
Savoy
8%
Shutesbury
8%
Somersworth
8%
Tyringham
8%
Waldo
8%
Wendell
8%
Westmore
8%
Wolfeboro
8%
Alexander
7%
Alfred
7%
Allagash
7%
Beacon Falls
7%
Bethany
7%
Boothbay Harbor
7%
Bucksport
7%
Cabot
7%
Carroll
7%
Carroll Plantation
7%
Chaplin
7%
Chittenden
7%
Cornish
7%
Crawford
7%
Deep River
7%
Deer Isle
7%
Gilford
7%
Greenland
7%
Griswold
7%
Jackman
7%
Killingworth
7%
Livermore
7%
Loudon
7%
Lyman
7%
Machias
7%
Maidstone
7%
Mexico
7%
Newmarket
7%
North Hero
7%
Northwood
7%
Phillipston
7%
Pownal
7%
Putney
7%
Rangeley
7%
Rangeley Plantation
7%
Shoreham
7%
South Berwick
7%
South Hampton
7%
South Hero
7%
Southwest Harbor
7%
Sweden
7%
Turner
7%
Vergennes
7%
Voluntown
7%
Walden
7%
Westmoreland
7%
Whitefield
7%
Willimantic
7%
Willington
7%
Woodland
7%
Abbot
6%
Albion
6%
Alburgh
6%
Amity
6%
Baldwin
6%
Barkhamsted
6%
Belgrade
6%
Bozrah
6%
Brewer
6%
Bridgton
6%
Buxton
6%
Carrabassett Valley
6%
Cavendish
6%
Damariscotta
6%
Deering
6%
Denmark
6%
Eliot
6%
Epping
6%
Fremont
6%
Friendship
6%
Georgia
6%
Goffstown
6%
Grantham
6%
Harpswell
6%
Harwinton
6%
Hermon
6%
Hyde Park
6%
Jamaica
6%
Jonesboro
6%
Limestone
6%
Lyndon
6%
Mapleton
6%
Nelson
6%
Plaistow
6%
Raymond
6%
Searsport
6%
Sidney
6%
Skowhegan
6%
Stark
6%
Swanton
6%
Tilton
6%
Unity
6%
West Windsor
6%
Whiting
6%
Wiscasset
6%
Antrim
5%
Atkinson
5%
Bakersfield
5%
Barnet
5%
Benson
5%
Blaine
5%
Burke
5%
Campton
5%
Candia
5%
Castine
5%
Clifton
5%
Detroit
5%
Dexter
5%
Dummer
5%
Dunbarton
5%
Effingham
5%
Epsom
5%
Farmingdale
5%
Ferrisburgh
5%
Fitzwilliam
5%
Frenchville
5%
Fryeburg
5%
Gardiner
5%
Greenwood
5%
Hammond
5%
Hampton Falls
5%
Harrington
5%
Harrisville
5%
Hart's Location
5%
Henniker
5%
Highgate
5%
Islesboro
5%
Jonesport
5%
Limington
5%
Lincolnville
5%
Marlow
5%
Mars Hill
5%
Mercer
5%
Milo
5%
Monticello
5%
Moultonborough
5%
Nashville Plantation
5%
New Gloucester
5%
New Ipswich
5%
Newry
5%
North Berwick
5%
North Yarmouth
5%
Orford
5%
Ossipee
5%
Owls Head
5%
Phippsburg
5%
Pittsford
5%
Richford
5%
Rindge
5%
Royalton
5%
Rumford
5%
Sebago
5%
Sprague
5%
Standish
5%
Stratham
5%
Stratton
5%
Sumner
5%
Swanzey
5%
Tamworth
5%
Thetford
5%
Thornton
5%
Tremont
5%
Vinalhaven
5%
Warner
5%
Waterboro
5%
Waterville Valley
5%
Weare
5%
Wentworth
5%
Wesley
5%
West Bath
5%
Winn
5%
Winslow
5%
Woolwich
5%
Allenstown
4%
Alstead
4%
Arundel
4%
Barnard
4%
Blue Hill
4%
Bowdoinham
4%
Brownfield
4%
Brownville
4%
Burnham
4%
Carmel
4%
Carthage
4%
Casco
4%
Chapman
4%
Chebeague Island
4%
Cherryfield
4%
Clarendon
4%
Corinna
4%
Craftsbury
4%
Cranberry Isles
4%
Crystal
4%
Danforth
4%
Dummerston
4%
Eagle Lake
4%
East Kingston
4%
East Millinocket
4%
East Montpelier
4%
Eddington
4%
Etna
4%
Eustis
4%
Fort Fairfield
4%
Frenchboro
4%
Garland
4%
Gilead
4%
Gilmanton
4%
Glenburn
4%
Glover
4%
Hallowell
4%
Hamlin
4%
Harmony
4%
Highland Plantation
4%
Hinesburg
4%
Ira
4%
Island Falls
4%
Isle au Haut
4%
Isle La Motte
4%
Kenduskeag
4%
Kingfield
4%
Kingsbury Plantation
4%
Kirby
4%
Lake View Plantation
4%
Langdon
4%
Levant
4%
Livermore Falls
4%
Machiasport
4%
Madbury
4%
Mattawamkeag
4%
Mechanic Falls
4%
Minot
4%
Mount Desert
4%
Mount Holly
4%
Newfane
4%
New Hampton
4%
New Portland
4%
New Sweden
4%
Norridgewock
4%
Oakfield
4%
Orrington
4%
Parsonsfield
4%
Portage Lake
4%
Poultney
4%
Proctor
4%
Readfield
4%
Readsboro
4%
Rollinsford
4%
Sabattus
4%
Sandown
4%
Shapleigh
4%
Smyrna
4%
Starks
4%
Steuben
4%
Stewartstown
4%
Stockton Springs
4%
Stoddard
4%
Sugar Hill
4%
Sunapee
4%
Tuftonboro
4%
Underhill
4%
Vassalboro
4%
Veazie
4%
Victory
4%
Waitsfield
4%
Waldoboro
4%
Washburn
4%
West Rutland
4%
Winhall
4%
Acworth
3%
Alna
3%
Arrowsic
3%
Baileyville
3%
Baring Plantation
3%
Barnstead
3%
Beals
3%
Beaver Cove
3%
Beddington
3%
Belvidere
3%
Boscawen
3%
Bridport
3%
Brooksville
3%
Brownington
3%
Buckfield
3%
Byron
3%
Caratunk
3%
Castle Hill
3%
Caswell
3%
Center Harbor
3%
Chesterville
3%
Columbia Falls
3%
Cornville
3%
Cushing
3%
Cutler
3%
Danby
3%
Dennysville
3%
Dixfield
3%
Dixmont
3%
Dyer Brook
3%
East Machias
3%
Edgecomb
3%
Embden
3%
Enosburgh
3%
Errol
3%
Fairlee
3%
Fayston
3%
Fletcher
3%
Francestown
3%
Frye Island
3%
Gilsum
3%
Glenwood Plantation
3%
Gouldsboro
3%
Great Pond
3%
Greenbush
3%
Guildhall
3%
Haynesville
3%
Hersey
3%
Hiram
3%
Hodgdon
3%
Holderness
3%
Howland
3%
Hubbardton
3%
Industry
3%
Irasburg
3%
Lamoine
3%
Landaff
3%
Lemington
3%
Lempster
3%
Linneus
3%
Lovell
3%
Lyndeborough
3%
Mariaville
3%
Masardis
3%
Matinicus Isle
3%
Maxfield
3%
Meddybemps
3%
Merrill
3%
Middletown Springs
3%
Milbridge
3%
Monhegan
3%
Monkton
3%
Moose River
3%
Moretown
3%
Moro Plantation
3%
Mount Chase
3%
Mount Tabor
3%
New Canada
3%
New Durham
3%
Newfields
3%
New Limerick
3%
New Sharon
3%
Nobleboro
3%
Orient
3%
Orland
3%
Orwell
3%
Otisfield
3%
Palmyra
3%
Panton
3%
Parkman
3%
Passadumkeag
3%
Patten
3%
Pawlet
3%
Peacham
3%
Perham
3%
Piermont
3%
Pittston
3%
Roque Bluffs
3%
Rumney
3%
Rupert
3%
Ryegate
3%
Sanbornton
3%
Sandgate
3%
Searsburg
3%
Searsmont
3%
Sedgwick
3%
Shaftsbury
3%
Sheldon
3%
Solon
3%
Sorrento
3%
South Bristol
3%
South Thomaston
3%
Stacyville
3%
St. Agatha
3%
Stannard
3%
Starksboro
3%
Strong
3%
Swans Island
3%
Swanville
3%
Talmadge
3%
Tinmouth
3%
Townshend
3%
Tunbridge
3%
Vanceboro
3%
Verona Island
3%
Vershire
3%
Wade
3%
Waite
3%
Wallagrass
3%
Wardsboro
3%
West Fairlee
3%
West Gardiner
3%
Westmanland
3%
West Paris
3%
Weybridge
3%
Wheelock
3%
Whitingham
3%
Whitneyville
3%
Wilmot
3%
Winter Harbor
3%
Winterport
3%
Winterville Plantation
3%
Woodford
3%
Bowerbank
2%
Coplin Plantation
2%
Cyr Plantation
2%
Deblois
2%
Dennistown Plantation
2%
Elmore
2%
Grand Lake Stream
2%
LaGrange
2%
Macwahoc Plantation
2%
Morrill
2%
New Vineyard
2%
Osborn
2%
Ripley
2%
Ripton
2%
Robbinston
2%
Sandy River Plantation
2%
Sangerville
2%
Sebec
2%
Seboeis Plantation
2%
Stetson
2%
The Forks
2%
Thorndike
2%
Weld
2%
West Forks
2%
Westport Island
2%
Woodville
2%
Landsgrove
1%
Pleasant Ridge Plantation
1%
No matching quizzes found
Score Distribution
Percent of People with Each Score
Percentile by Number Answered
Your Score History
You have not taken this quiz